[Event "Katowice POL-HUN 6th"]
[Site "Katowice"]
[Date "2018.05.06"]
[Round "6"]
[White "Cieslar, Michal"]
[Black "Krasenkow, Michal"]
[Result "1-0"]
[WhiteElo "2032"]
[BlackElo "2628"]
[PlyCount "73"]
[EventDate "2018.05.05"]
[EventType "swiss (rapid)"]
[EventRounds "9"]
[EventCountry "POL"]
[SourceTitle "CBM 184 Extra"]
[Source "ChessBase"]
[SourceDate "2018.06.28"]
[SourceVersion "1"]
[SourceVersionDate "2018.06.28"]
[SourceQuality "1"]

1. e4 c6 2. d3 d5 3. Nd2 g6 4. g3 Bg7 5. Bg2 e5 6. Ne2 Ne7 7. 0-0 0-0 8. Kh1 f5 9. f4 Nd7 10. c3 dxe4 11. dxe4 Nc5 12. fxe5 Nxe4 13. Nxe4 Qxd1 14. Rxd1 fxe4 15. Bxe4 Bg4 16. Re1 Bxe5 17. Nf4 Rad8 18. Nd3 Bf6 19. Be3 b6 20. Nf2 Be6 21. Bg2 Bd5 22. Ne4 Bg7 23. Kg1 h6 24. a4 c5 25. a5 Bc4 26. axb6 axb6 27. Ra7 Nf5 28. Bf4 Rde8 29. Rd1 Bb5 30. Nd6 Nxd6 31. Bxd6 Rf5 32. Bd5+ Kh7 33. c4 Rxd5 34. cxd5 Kg8 35. Be7 Bd4+ 36. Kg2 Kf7 37. Bxc5+ 1-0

[Event "EU-ch blitz"]
[Site "Katowice"]
[Date "2017.12.15"]
[Round "3"]
[White "Cieslar, Michal"]
[Black "Kovalenko, Igor"]
[Result "0-1"]
[WhiteElo "2032"]
[BlackElo "2639"]
[PlyCount "46"]
[EventDate "2017.12.15"]
[EventType "swiss (blitz)"]
[EventRounds "22"]
[EventCountry "POL"]
[SourceTitle "CBM 182 Extra"]
[Source "ChessBase"]
[SourceDate "2018.02.23"]
[SourceVersion "1"]
[SourceVersionDate "2018.02.23"]
[SourceQuality "1"]

1. e4 c6 2. d3 e5 3. Nd2 Bc5 4. g3 d6 5. Bg2 a5 6. c3 a4 7. Ne2 b5 8. d4 Bb6 9. 0-0 Nf6 10. h3 Nbd7 11. f4 Bb7 12. Kh2 h5 13. Qc2 Qe7 14. dxe5 Ng4+ 15. Kh1 Ne3 16. Qd3 dxe5 17. Rf3 Ng4 18. Nf1 0-0-0 19. Qc2 h4 20. c4 b4 21. Qxa4 hxg3 22. Nexg3 Qc5 23. Re3 exf4 0-1

[Event "EU-ch blitz"]
[Site "Katowice"]
[Date "2017.12.15"]
[Round "19"]
[White "Reza, Wojciech"]
[Black "Cieslar, Michal"]
[Result "0-1"]
[WhiteElo "2283"]
[BlackElo "2032"]
[PlyCount "56"]
[EventDate "2017.12.15"]
[EventType "swiss (blitz)"]
[EventRounds "22"]
[EventCountry "POL"]
[SourceTitle "CBM 182 Extra"]
[Source "ChessBase"]
[SourceDate "2018.02.23"]
[SourceVersion "1"]
[SourceVersionDate "2018.02.23"]
[SourceQuality "1"]

1. e4 d6 2. d4 g6 3. Nc3 Bg7 4. Bg5 Nd7 5. Qd2 h6 6. Be3 c6 7. a4 Qc7 8. f3 a6 9. Bc4 e6 10. Nge2 Ngf6 11. Bb3 c5 12. 0-0 c4 13. Ba2 h5 14. b3 cxb3 15. cxb3 0-0 16. Rfc1 Qa5 17. Rab1 d5 18. b4 Qd8 19. exd5 Nxd5 20. Nxd5 exd5 21. Bxd5 Nb6 22. Bb3 Bf5 23. Ra1 Re8 24. Ng3 Rxe3 25. Nxf5 gxf5 26. a5 Rxb3 27. axb6 Qxd4+ 28. Qxd4 Bxd4+ 0-1

[Event "Katowice POL-HUN 4th"]
[Site "Katowice"]
[Date "2016.05.08"]
[Round "8"]
[White "Cieslar, Michal"]
[Black "Shkapenko, Pavel"]
[Result "0-1"]
[WhiteElo "2012"]
[BlackElo "2420"]
[PlyCount "32"]
[EventDate "2016.05.07"]
[EventType "swiss (rapid)"]
[EventRounds "9"]
[EventCountry "POL"]
[SourceTitle "CBM 172 Extra"]
[Source "ChessBase"]
[SourceDate "2016.06.21"]
[SourceVersion "1"]
[SourceVersionDate "2016.06.21"]
[SourceQuality "1"]

1. e4 Nf6 2. Nc3 e5 3. Nf3 Nc6 4. Bb5 Nd4 5. Ba4 Bc5 6. 0-0 0-0 7. Nxe5 d6 8. Nd3 Bg4 9. Qe1 Nf3+ 10. gxf3 Bxf3 11. h3 Ng4 12. Ne2 Qh4 13. Ndf4 g5 14. d4 gxf4 15. Nxf4 Bxd4 16. c3 Qg3+ 0-1

[Event "Katowice POL-HUN 4th"]
[Site "Katowice"]
[Date "2016.05.07"]
[Round "5"]
[White "Varga, Peter"]
[Black "Cieslar, Michal"]
[Result "1-0"]
[WhiteElo "2396"]
[BlackElo "2012"]
[PlyCount "99"]
[EventDate "2016.05.07"]
[EventType "swiss (rapid)"]
[EventRounds "9"]
[EventCountry "POL"]
[SourceTitle "CBM 172 Extra"]
[Source "ChessBase"]
[SourceDate "2016.06.21"]
[SourceVersion "1"]
[SourceVersionDate "2016.06.21"]
[SourceQuality "1"]

1. Nf3 d6 2. g3 g6 3. Bg2 Bg7 4. 0-0 e5 5. c4 c5 6. d3 Nc6 7. Nc3 f5 8. Nd5 Nf6 9. Bg5 0-0 10. Ne1 Be6 11. Nc2 Qd7 12. Bxf6 Bxf6 13. Rb1 Bg7 14. a3 f4 15. b4 b6 16. b5 Nd4 17. Nxd4 cxd4 18. a4 Bh3 19. a5 Bxg2 20. Kxg2 Qb7 21. f3 h5 22. Qa4 g5 23. Qb4 Rad8 24. Ra1 g4 25. axb6 axb6 26. Ra6 fxg3 27. hxg3 gxf3+ 28. exf3 Ra8 29. Qxd6 Rxa6 30. bxa6 Qxa6 31. Ne7+ Kf7 32. Qg6+ Kxe7 33. Qxg7+ Rf7 34. Qxe5+ Kd8 35. Qxd4+ Rd7 36. Qh4+ Kc7 37. Qxh5 Rxd3 38. Qe5+ Kd8 39. Re1 Qa2+ 40. Re2 Qb3 41. Qe8+ Kc7 42. Re7+ Kd6 43. Rd7+ Kc5 44. Qe5+ Kb4 45. Qb5+ Ka3 46. Qxb3+ Rxb3 47. g4 Kb4 48. Rc7 Rc3 49. g5 b5 50. g6 1-0

[Event "Katowice POL-HUN 3rd"]
[Site "Katowice"]
[Date "2015.03.21"]
[Round "4"]
[White "Cieslar, Michal"]
[Black "Pakleza, Zbigniew"]
[Result "0-1"]
[WhiteElo "2012"]
[BlackElo "2498"]
[PlyCount "54"]
[EventDate "2015.03.21"]
[EventType "swiss (rapid)"]
[EventRounds "9"]
[EventCountry "POL"]
[SourceTitle "CBM 165 Extra"]
[Source "ChessBase"]
[SourceDate "2015.04.21"]
[SourceVersion "1"]
[SourceVersionDate "2015.04.21"]
[SourceQuality "1"]

1. e4 d6 2. d4 Nf6 3. Nc3 c6 4. a4 Nbd7 5. Nf3 e5 6. dxe5 dxe5 7. Bc4 Bb4 8. 0-0 0-0 9. Qe2 Qc7 10. Na2 Be7 11. h3 a6 12. Nc3 Rb8 13. a5 Bb4 14. Nh4 Bxa5 15. Nd1 b5 16. Ba2 Nc5 17. f3 Bb6 18. Kh2 g6 19. g4 Ne6 20. c3 Rd8 21. Nf2 c5 22. Ng2 c4 23. h4 Kg7 24. Nh3 Nc5 25. Qe3 Ng8 26. f4 Bxg4 27. Nf2 Nd3 0-1

[Event "Polanica Zdroj op-B 48th"]
[Site "Polanica Zdroj"]
[Date "2012.08.23"]
[Round "6"]
[White "Cieslar, Michal"]
[Black "Sycz, Dariusz"]
[Result "0-1"]
[WhiteElo "2010"]
[BlackElo "1991"]
[PlyCount "90"]
[EventDate "2012.08.18"]
[EventType "swiss"]
[EventRounds "9"]
[EventCountry "POL"]
[SourceTitle "EXT 2014"]
[Source "ChessBase"]
[SourceDate "2013.11.20"]
[SourceVersion "1"]
[SourceVersionDate "2013.11.20"]
[SourceQuality "1"]

1. e4 d5 2. exd5 Qxd5 3. c4 Qd6 4. d4 Nf6 5. Nc3 a6 6. Be3 g6 7. Nf3 Bg7 8. Qd2 0-0 9. c5 Qd8 10. Rd1 b6 11. Bc4 Bb7 12. Qe2 Nd5 13. 0-0 h6 14. Rfe1 e6 15. Nxd5 Bxd5 16. cxb6 cxb6 17. Bf4 b5 18. Bxd5 Qxd5 19. b3 Nc6 20. Qe3 Nb4 21. Re2 Qh5 22. Be5 Nd5 23. Qc1 Qf5 24. Bxg7 Kxg7 25. Re5 Qf6 26. Re2 b4 27. Rc2 Nc3 28. Rd3 Qf5 29. Rdxc3 bxc3 30. Rxc3 Rfc8 31. h3 Rxc3 32. Qxc3 Qd5 33. Qc7 Rf8 34. Ne5 Qxd4 35. Nd7 Ra8 36. Ne5 Ra7 37. Qb8 h5 38. Nc6 Qd1+ 39. Kh2 Rd7 40. Qe5+ f6 41. Qxe6 Qd6+ 42. Qxd6 Rxd6 43. Nb4 a5 44. Nc2 Rd2 45. Ne3 Rxf2 0-1

[Event "Polanica Zdroj op-B 48th"]
[Site "Polanica Zdroj"]
[Date "2012.08.20"]
[Round "3"]
[White "Barglowski, Filip"]
[Black "Cieslar, Michal"]
[Result "1-0"]
[WhiteElo "2339"]
[BlackElo "2010"]
[PlyCount "47"]
[EventDate "2012.08.18"]
[EventType "swiss"]
[EventRounds "9"]
[EventCountry "POL"]
[SourceTitle "EXT 2014"]
[Source "ChessBase"]
[SourceDate "2013.11.20"]
[SourceVersion "1"]
[SourceVersionDate "2013.11.20"]
[SourceQuality "1"]

1. e4 d6 2. d4 Nf6 3. Nc3 e5 4. Nf3 Nbd7 5. Bc4 Be7 6. 0-0 0-0 7. h3 c6 8. a4 a5 9. Be3 Qc7 10. Re1 exd4 11. Nxd4 Nc5 12. Qf3 Be6 13. Nxe6 Nxe6 14. Rad1 Rad8 15. g4 Nxe4 16. Qxe4 d5 17. Bxd5 cxd5 18. Nxd5 Rxd5 19. Rxd5 Rc8 20. c3 b6 21. Red1 Qc6 22. Re5 Qc7 23. Rxe6 fxe6 24. Qxe6+ 1-0

[Event "POL-chT U19 2nd League"]
[Site "Borowice"]
[Date "2012.07.28"]
[Round "10"]
[White "Dzierzak, Radoslaw"]
[Black "Cieslar, Michal"]
[Result "0-1"]
[WhiteElo "1906"]
[BlackElo "2010"]
[PlyCount "70"]
[EventDate "2012.07.21"]
[EventType "team-swiss"]
[EventRounds "11"]
[EventCountry "POL"]
[SourceTitle "EXT 2014"]
[Source "ChessBase"]
[SourceDate "2013.11.20"]
[SourceVersion "1"]
[SourceVersionDate "2013.11.20"]
[SourceQuality "1"]
[WhiteTeam "Imielin MKSz Diagonalia U19"]
[BlackTeam "Cieszyn MUKS SZS U19"]
[WhiteTeamCountry "POL"]
[BlackTeamCountry "POL"]

1. e4 b6 2. d4 Bb7 3. Nc3 e6 4. Nf3 Nf6 5. Bd3 Bb4 6. Qe2 d5 7. Bg5 h6 8. Bxf6 Qxf6 9. 0-0 0-0 10. Nb5 Qd8 11. a3 Be7 12. exd5 Bxd5 13. c4 Bb7 14. Rad1 Nd7 15. Be4 c6 16. Ne5 Qc8 17. Qf3 Nxe5 18. dxe5 f5 19. Nd6 Bxd6 20. Rxd6 fxe4 21. Qxe4 c5 22. Qg6 Qe8 23. Qg4 Rf5 24. f4 Qf7 25. g3 Rf8 26. Rfd1 Bc8 27. Rd8 Kh7 28. Qh4 Qb7 29. Qh3 Qe4 30. Qg2 Qxc4 31. Qc6 Rxd8 32. Rxd8 Ba6 33. Rd1 Qe2 34. Qd7 Qe3+ 35. Kg2 Be2 0-1

[Event "POL-chT U19 2nd League"]
[Site "Borowice"]
[Date "2012.07.26"]
[Round "8"]
[White "Zmarzly, Aleksandra"]
[Black "Cieslar, Michal"]
[Result "1/2-1/2"]
[WhiteElo "2049"]
[BlackElo "2010"]
[PlyCount "57"]
[EventDate "2012.07.21"]
[EventType "team-swiss"]
[EventRounds "11"]
[EventCountry "POL"]
[SourceTitle "EXT 2014"]
[Source "ChessBase"]
[SourceDate "2013.11.20"]
[SourceVersion "1"]
[SourceVersionDate "2013.11.20"]
[SourceQuality "1"]
[WhiteTeam "Legnica Miedz U19"]
[BlackTeam "Cieszyn MUKS SZS U19"]
[WhiteTeamCountry "POL"]
[BlackTeamCountry "POL"]

1. e4 e5 2. Nf3 Nc6 3. Bb5 a6 4. Bxc6 dxc6 5. Nc3 f6 6. d4 exd4 7. Qxd4 Qxd4 8. Nxd4 Bc5 9. Be3 Bxd4 10. Bxd4 Be6 11. 0-0-0 0-0-0 12. Be3 Ne7 13. Rxd8+ Rxd8 14. Rd1 Re8 15. Ne2 Bf7 16. Ng3 b6 17. Bd4 c5 18. Bc3 Nc6 19. f3 Nd8 20. Nf5 Ne6 21. Rd2 Bg6 22. Nh4 Bf7 23. Nf5 Bg6 24. Nh4 Bf7 25. Nf5 Bg6 26. Nh4 Bf7 27. Nf5 Bg6 28. Nh4 Bf7 29. Nf5 1/2-1/2

[Event "POL-chT U19 2nd League"]
[Site "Borowice"]
[Date "2012.07.23"]
[Round "4"]
[White "Wrobel, Kamil"]
[Black "Cieslar, Michal"]
[Result "0-1"]
[WhiteElo "1527"]
[BlackElo "2010"]
[PlyCount "68"]
[EventDate "2012.07.21"]
[EventType "team-swiss"]
[EventRounds "11"]
[EventCountry "POL"]
[SourceTitle "EXT 2014"]
[Source "ChessBase"]
[SourceDate "2013.11.20"]
[SourceVersion "1"]
[SourceVersionDate "2013.11.20"]
[SourceQuality "1"]
[WhiteTeam "Kluczbork LKS Goniec U19"]
[BlackTeam "Cieszyn MUKS SZS U19"]
[WhiteTeamCountry "POL"]
[BlackTeamCountry "POL"]

1. e4 e5 2. Nf3 Nc6 3. Nc3 d6 4. h3 g6 5. Bc4 Be6 6. Bxe6 fxe6 7. d3 Bg7 8. Bg5 Qd7 9. Qd2 h6 10. Bh4 g5 11. Bg3 Nge7 12. h4 g4 13. Nh2 h5 14. Qg5 Nd4 15. Qxg7 0-0-0 16. 0-0-0 Rhg8 17. Qf6 Qe8 18. Bxe5 Rh8 19. Qg5 dxe5 20. Qxe5 Nec6 21. Qg3 b5 22. Rd2 b4 23. Ne2 e5 24. Nxd4 Nxd4 25. f3 Rh6 26. b3 Ra6 27. Kb1 Qb5 28. Rc1 Qa5 29. c4 bxc3 30. Rf2 Rf6 31. fxg4 Rb6 32. gxh5 Rxb3+ 33. Ka1 Rb2 34. Qg8 Kb7 0-1

[Event "Rewal op-B 16th"]
[Site "Rewal"]
[Date "2011.08.22"]
[Round "3"]
[White "Cieslar, Michal"]
[Black "Radzicki, Wieslaw"]
[Result "1-0"]
[WhiteElo "1966"]
[BlackElo "1820"]
[PlyCount "126"]
[EventDate "2011.08.18"]
[EventType "swiss"]
[EventRounds "9"]
[EventCountry "POL"]
[SourceTitle "CBM 144 Extra"]
[Source "ChessBase"]
[SourceDate "2011.10.28"]
[SourceVersion "1"]
[SourceVersionDate "2011.10.28"]
[SourceQuality "1"]

1. e4 e5 2. Nf3 Nf6 3. Nc3 d6 4. Bc4 Be7 5. d4 Nbd7 6. dxe5 dxe5 7. Qe2 0-0 8. Bg5 c6 9. Rd1 Qc7 10. a4 h6 11. Bh4 a6 12. Bg3 b5 13. Bb3 b4 14. Nb1 Bd6 15. 0-0 Nc5 16. Rxd6 Qxd6 17. Nxe5 Qe7 18. Nxc6 Qxe4 19. Qxe4 Nfxe4 20. Nxb4 Nxg3 21. hxg3 Be6 22. Bxe6 fxe6 23. Re1 Rfd8 24. Nd3 Rd6 25. Na3 Rc8 26. f3 Nd7 27. Re4 Nf8 28. Nc4 Rdd8 29. b3 Rc7 30. Kf2 Rd5 31. Ke2 Kf7 32. Nb4 Rg5 33. Nxa6 Ra7 34. Nb4 Rxg3 35. Ne3 Rg5 36. Nc6 Ra8 37. Rc4 Nd7 38. f4 Rh5 39. a5 g5 40. b4 gxf4 41. Rxf4+ Ke8 42. Nc4 Nb8 43. Nb6 Nxc6 44. Nxa8 e5 45. Re4 Rg5 46. g4 h5 47. gxh5 Rxh5 48. Kd3 Nd4 49. c3 Nb5 50. Re2 Rh3+ 51. Kc4 Nxc3 52. Rxe5+ Kd8 53. Nb6 Na2 54. Re2 Rh4+ 55. Kc5 Nxb4 56. Rd2+ Kc7 57. Na4 Kb7 58. Rd7+ Kb8 59. Rd8+ Kb7 60. Rd7+ Kb8 61. Rd8+ Kb7 62. Nb2 Nc6 63. Nc4 Na7 1-0

[Event "POL-ch U18"]
[Site "Murzasichle"]
[Date "2011.03.07"]
[Round "4"]
[White "Cieslar, Michal"]
[Black "Brzezinski, Mateusz"]
[Result "0-1"]
[WhiteElo "1967"]
[BlackElo "1997"]
[PlyCount "106"]
[EventDate "2011.03.05"]
[EventType "swiss"]
[EventRounds "9"]
[EventCountry "POL"]
[SourceTitle "EXT 2012"]
[Source "ChessBase"]
[SourceDate "2011.11.24"]
[SourceVersion "1"]
[SourceVersionDate "2011.11.24"]
[SourceQuality "1"]

1. e4 c5 2. Nc3 Nc6 3. f4 g6 4. Nf3 Bg7 5. Bb5 Nd4 6. 0-0 a6 7. Bc4 e6 8. a4 Ne7 9. d3 0-0 10. Bb3 Nec6 11. Ne2 Nxb3 12. cxb3 d5 13. Ng3 f5 14. e5 d4 15. Bd2 a5 16. h4 b6 17. Kf2 h5 18. Ng5 Qe8 19. Rh1 Bb7 20. Rh3 Bh6 21. Qe2 Kg7 22. Rah1 Bxg5 23. hxg5 Rh8 24. Nf1 Ne7 25. Nh2 b5 26. Ra1 Bd5 27. Qd1 bxa4 28. Rxa4 Qb5 29. Ra3 Rhb8 30. Nf1 Bxb3 31. Qe1 a4 32. Bc1 Nd5 33. Qe2 Nb4 34. Nd2 Bd5 35. Nb1 Na2 36. Rxa2 Bxa2 37. Na3 Qc6 38. Rh1 Bd5 39. Kg3 Rb3 40. Kh2 Qa6 41. Rd1 Be4 42. Qc2 Rxd3 43. Rxd3 Qxd3 44. Qxc5 Rf8 45. Qb5 Qxb5 46. Nxb5 Rc8 47. Bd2 Rc2 48. Ba5 Rc5 49. Nxd4 Rxa5 50. Nxe6+ Kg8 51. Nc7 Rc5 52. Ne8 Rc2 53. Kh3 Rxb2 0-1

[Event "POL-ch U16"]
[Site "Chotowa"]
[Date "2009.03.28"]
[Round "1"]
[White "Witek, Tomasz"]
[Black "Cieslar, Michal"]
[Result "0-1"]
[WhiteElo "2170"]
[BlackElo "1908"]
[PlyCount "35"]
[EventDate "2009.03.28"]
[EventType "swiss"]
[EventRounds "11"]
[EventCountry "POL"]
[SourceTitle "EXT 2011"]
[Source "ChessBase"]
[SourceDate "2010.11.26"]
[SourceVersion "1"]
[SourceVersionDate "2010.11.26"]
[SourceQuality "1"]

1. d4 Nf6 2. c4 g6 3. Nc3 Bg7 4. Nf3 0-0 5. Bg5 h6 6. Bh4 d6 7. e3 g5 8. Bg3 Nh5 9. Be2 e6 10. Nxg5 Nxg3 11. Nxf7 Rxf7 12. hxg3 Nc6 13. f4 e5 14. Bh5 Rf8 15. fxe5 Qg5 16. Nd5 dxe5 17. g4 exd4 18. Qd2 0-1

[Event "POL 14th Olympiade U14 Boys"]
[Site "Szczawno Zdroj"]
[Date "2008.04.30"]
[Round "6"]
[White "Lis, Marek"]
[Black "Cieslar, Michal"]
[Result "0-1"]
[WhiteElo "2006"]
[BlackElo "1852"]
[PlyCount "94"]
[EventDate "2008.04.27"]
[EventType "swiss"]
[EventRounds "10"]
[EventCountry "POL"]
[SourceTitle "EXT 2009"]
[Source "ChessBase"]
[SourceDate "2008.11.26"]
[SourceVersion "1"]
[SourceVersionDate "2008.11.26"]
[SourceQuality "1"]

1. e4 e5 2. Nc3 Nf6 3. Bc4 Nc6 4. d3 Be7 5. f4 d6 6. Nf3 exf4 7. Bxf4 Be6 8. Bb3 0-0 9. 0-0 Na5 10. Bxe6 fxe6 11. Qe1 e5 12. Bd2 c5 13. Nd5 Nc6 14. Ne3 g6 15. g4 Nd4 16. c3 Ne6 17. Rd1 Nf4 18. Bc1 Qd7 19. g5 N6h5 20. Qh4 Qh3 21. Qxh3 Nxh3+ 22. Kg2 N5f4+ 23. Kg3 Nxg5 24. Nd5 Nxd5 25. Nxg5 Nf4 26. Nf3 g5 27. Rf2 Rad8 28. Be3 b6 29. d4 Bf6 30. dxc5 dxc5 31. Rfd2 Rxd2 32. Rxd2 Rf7 33. Rd6 h5 34. h3 Kf8 35. Rc6 Kg7 36. Rd6 Rc7 37. c4 Kf7 38. b3 Ke7 39. Rd2 Ke6 40. a4 a5 41. Bf2 Rg7 42. Nh2 Rf7 43. Be3 Be7 44. Bg1 g4 45. h4 Ng6 46. Be3 Bxh4+ 47. Kg2 Nf4+ 0-1

[Event "POL-chT3 U19 Slaska"]
[Site "Slask"]
[Date "2007.05.20"]
[Round "9.9"]
[White "Przebindowski, Lukasz"]
[Black "Cieslar, Michal"]
[Result "0-1"]
[WhiteElo "1800"]
[BlackElo "1764"]
[PlyCount "90"]
[EventDate "2007.01.27"]
[EventType "team-tourn"]
[EventRounds "11"]
[EventCountry "POL"]
[SourceTitle "EXT 2019"]
[Source "ChessBase"]
[SourceDate "2018.10.10"]
[SourceVersion "1"]
[SourceVersionDate "2018.10.10"]
[SourceQuality "1"]
[WhiteTeam "Jaworzno JKSz MCKiS U19 II"]
[BlackTeam "Cieszyn MUKS SZS U19"]
[WhiteTeamCountry "POL"]
[BlackTeamCountry "POL"]

1. e4 e5 2. Nf3 Nc6 3. Bc4 Nf6 4. d3 Be7 5. Nc3 0-0 6. 0-0 d6 7. h3 Na5 8. Bb3 Nxb3 9. axb3 c6 10. Re1 Qc7 11. d4 Bd7 12. Bg5 Rfe8 13. Bxf6 Bxf6 14. d5 c5 15. Qd3 a6 16. Nd2 h6 17. Na2 b5 18. b4 c4 19. Qg3 g6 20. b3 Rec8 21. bxc4 bxc4 22. c3 Qd8 23. Qe3 Bg5 24. Qe2 f5 25. exf5 gxf5 26. Qh5 Qf6 27. Qe2 Bb5 28. Nf3 Ra7 29. Nxg5 hxg5 30. Qe3 Rh7 31. Nc1 Kh8 32. f3 Rg8 33. Rf1 Qf7 34. Qd2 Qh5 35. Ne2 f4 36. Qc2 Qf7 37. Qd2 Qh5 38. Qc2 Qf7 39. Qd2 Rh6 40. Rf2 Qh7 41. Kh2 g4 42. fxg4 Rxg4 43. Rf3 Qg6 44. Rg1 Qe4 45. Kh1 Qxf3 0-1

[Event "POL-chT3 U19 Slaska"]
[Site "Slask"]
[Date "2007.02.10"]
[Round "4.27"]
[White "Wrzalek, Piotr"]
[Black "Cieslar, Michal"]
[Result "0-1"]
[WhiteElo "1600"]
[BlackElo "1764"]
[PlyCount "28"]
[EventDate "2007.01.27"]
[EventType "team-tourn"]
[EventRounds "11"]
[EventCountry "POL"]
[SourceTitle "EXT 2019"]
[Source "ChessBase"]
[SourceDate "2018.10.10"]
[SourceVersion "1"]
[SourceVersionDate "2018.10.10"]
[SourceQuality "1"]
[WhiteTeam "Gliwice Politechnika Slaska U19 II"]
[BlackTeam "Cieszyn MUKS SZS U19"]
[WhiteTeamCountry "POL"]
[BlackTeamCountry "POL"]

1. e4 e5 2. Nf3 Nc6 3. d4 exd4 4. Nxd4 Bc5 5. Be3 Qf6 6. c3 Nge7 7. Nc2 d6 8. Bxc5 dxc5 9. Nd2 0-0 10. Bc4 Ne5 11. Qe2 c6 12. 0-0-0 b5 13. Bb3 c4 14. Nxc4 bxc4 0-1

[Event "POL-chT3 U19 Slaska"]
[Site "Slask"]
[Date "2007.01.27"]
[Round "1.21"]
[White "Cieslar, Michal"]
[Black "Polok, Kacper"]
[Result "0-1"]
[WhiteElo "1764"]
[BlackElo "1850"]
[PlyCount "82"]
[EventDate "2007.01.27"]
[EventType "team-tourn"]
[EventRounds "11"]
[EventCountry "POL"]
[SourceTitle "EXT 2019"]
[Source "ChessBase"]
[SourceDate "2018.10.10"]
[SourceVersion "1"]
[SourceVersionDate "2018.10.10"]
[SourceQuality "1"]
[WhiteTeam "Cieszyn MUKS SZS U19"]
[BlackTeam "Katowice Hetman Szopienice U19"]
[WhiteTeamCountry "POL"]
[BlackTeamCountry "POL"]

1. e4 c5 2. Nf3 Nc6 3. d4 cxd4 4. Nxd4 e5 5. Nb5 d6 6. N5c3 a6 7. Na3 b5 8. Nd5 Nce7 9. c4 Nxd5 10. exd5 bxc4 11. Bxc4 f5 12. 0-0 Nf6 13. b3 g6 14. Bb2 Bg7 15. Nc2 0-0 16. f4 Ng4 17. g3 e4 18. Bxg7 Kxg7 19. h3 Nf6 20. Qd4 Bd7 21. a4 Qc7 22. Rac1 Qa7 23. Kf2 Rfc8 24. Rfd1 Bxa4 25. Nb4 Qxd4+ 26. Rxd4 Bxb3 27. Nc6 Bxc4 28. Rcxc4 Nd7 29. Rb4 Rc7 30. Ke3 Nc5 31. Rb6 a5 32. Rd2 Rb7 33. Rxb7+ Nxb7 34. Rb2 Nc5 35. Rb6 Kf7 36. Nd4 Ra6 37. Rb8 a4 38. Nc6 a3 39. Nb4 a2 40. Nc2 Ra3+ 41. Kd4 e3 0-1